000 01043nam0a22002891 4500
001 RU\NLR\INFOCOMM_46\5000717807
005 20250613095407.0
035 _a(NLR Aleph) 009293552
090 _a9235067
_c9235067
100 _a20101004d1969 |||y0rusy50 ca
101 1 _aeng
_crus
102 _aRU
105 _ay ||||000|y
200 1 _aGerman imperialism
_eits past and present
_e[Transl. from the Russ. ...]
_fArkady Yerusalimsky
210 _aΜ.
_c"Progress"
_d1969
215 _a522, [6] с.
_d21 см
300 _aНа обороте тит. л.: А. Ерусалимский. Германский империализм: история и современность
320 _aБиблиогр. в сокр.: с. [3]
686 _aИГ900
_2rubbk
686 _aИГ988
_2rubbk
700 1 _9z01790
_aErusalimiskij
_bA. S.
_f1901-1965
_gArkadij Samsonovič
_4070
790 1 _9z01700
_aYerusalimsky
_bA.
_gArkady
_4070
801 1 _aRU
_bNLR
_c20101004
801 0 _aRU
_bNLR
_gPSBO
852 _aNLR
_jИ55 Д-3/48
942 _cBOOK
980 _aNB